000
00429nam a2200133Ia 4500
008
151001s9999||||xx |||||||||||||| ||und||
100
_a
बाबूलाल चावरिया
245
_a
सात समुद्र पार इंग्लैड यात्रा
250
_a
1
260
_b
राजस्थानी ग्रंथागार
260
_c
2010
300
_a
192
365
_b
21
999
_c
995679
_d
995676